Statistics for Seven European Countries in 15 Seconds - Map Quiz

Click here to take the quiz!

General Stats

  • This quiz has been taken 87 times
  • The average score is 6 of 7

Answers on the Map

Answers color-coded by a green-red scale on the quiz's map according to % correct below.
 

Answer Stats

Answer% Correct
Sweden
97%
France
95%
Poland
91%
Belarus
86%
Bulgaria
78%
Portugal
70%
Greece
66%

Score Distribution

Percentile by Number Answered

Percent of People with Each Score

Your Score History

You have not taken this quiz